Т. 33: Классы - Конкуренция; Большая советская энциклопедия

書目詳細資料
Parent link:Большая советская энциклопедия: в [66] т./ гл. ред. О. Ю. Шмидт. Т. 33: Классы - Конкуренция.— , 1926-
總結:Нумерация стр. в двойной пагинации.
語言:俄语
出版: ОГИЗ РСФСР, 1938
主題:
格式: 圖書
KOHA link:https://koha.lib.tpu.ru/cgi-bin/koha/opac-detail.pl?biblionumber=266026

MARC

LEADER 00000nam2a2200000 4500
001 266026
005 20231031223348.0
035 |a (RuTPU)RU\TPU\book\289029 
035 |a RU\TPU\book\289019 
090 |a 266026 
100 |a 20140702d1938 km y0rusy50 ca 
101 0 |a rus 
102 |a RU 
105 |a abcff 001zy 
200 0 |a Т. 33: Классы - Конкуренция 
210 |c ОГИЗ РСФСР  |d 1938 
215 |a 958 с., [25] вкл. л.  |c ил. 
300 |a Нумерация стр. в двойной пагинации. 
320 |a Литература в конце ст. 
461 1 |0 (RuTPU)RU\TPU\book\288931  |t Большая советская энциклопедия  |o в [66] т.  |f гл. ред. О. Ю. Шмидт  |v Т. 33: Классы - Конкуренция  |d 1926- 
610 1 |a справочные издания 
610 1 |a энциклопедии 
801 1 |a RU  |b 63413507  |c 20140701 
801 2 |a RU  |b 63413507  |c 20140702  |g RCR 
942 |c BK